000 00287nam a22001337a 4500
008 171011b xxu||||| |||| 00| 0 eng d
020 _a2900534625329
041 _aeng
080 _210TH
_a316
100 _a50
101 _aSOC
245 _aHUMAN INTIMACY
_cCOX,F.D
942 _2udc
_cBK
999 _c33133
_d33133